| 000 | 00629nam a22001937a 4500 | ||
|---|---|---|---|
| 999 |
_c166002 _d166002 |
||
| 005 | 20190709172750.0 | ||
| 010 | _aENG-125874 | ||
| 020 |
_a9789384726638 _c2495.00 |
||
| 035 | _aEN-109406 | ||
| 037 | _bDBAD/PUB | ||
| 082 | _a333.7 | ||
| 100 | _aMisra, S.P. | ||
| 245 |
_aEssential environmental studies / _cby S.P.Misra [and] S.N.Pandey |
||
| 260 |
_aNew Delhi _bAne Books _c2018 |
||
| 270 |
_a4821, Parwana Bhawan, 1st Floor, 24 Ansari Road, Daryaganj _bNew Delhi _e110002 _k011-23276843-44 _mkapoor@anebooks.com |
||
| 300 |
_axxx,790p. _c24cm(Hb) |
||
| 700 | _aS.N.Pandey | ||
| 942 |
_2ddc _cEN _h333.7 _mMIS |
||